Acts of the Holy Spirit / (Record no. 6283)
[ view plain ]
| 000 -LEADER | |
|---|---|
| fixed length control field | 02277cam a22003374a 4500 |
| 001 - CONTROL NUMBER | |
| control field | 44794893 |
| 003 - CONTROL NUMBER IDENTIFIER | |
| control field | OCoLC |
| 005 - DATE AND TIME OF LATEST TRANSACTION | |
| control field | 20190116145009.0 |
| 008 - FIXED-LENGTH DATA ELEMENTS--GENERAL INFORMATION | |
| fixed length control field | 000804s2000 caub b 001 0 eng |
| 010 ## - LIBRARY OF CONGRESS CONTROL NUMBER | |
| LC control number | 00062542 |
| 020 ## - INTERNATIONAL STANDARD BOOK NUMBER | |
| International Standard Book Number | 0830720413 |
| 020 ## - INTERNATIONAL STANDARD BOOK NUMBER | |
| International Standard Book Number | 9780830720415 |
| 035 ## - SYSTEM CONTROL NUMBER | |
| System control number | (OCoLC)44794893 |
| 040 ## - CATALOGING SOURCE | |
| Original cataloging agency | DLC |
| Language of cataloging | eng |
| Transcribing agency | DLC |
| Modifying agency | BAKER |
| -- | BTCTA |
| -- | YDXCP |
| -- | IG# |
| -- | OCLCQ |
| -- | OCLCO |
| -- | OCLCA |
| -- | OCLCF |
| -- | MXL |
| -- | CIRBC |
| 042 ## - AUTHENTICATION CODE | |
| Authentication code | pcc |
| 050 00 - LIBRARY OF CONGRESS CALL NUMBER | |
| Classification number | BS2625.3 |
| Item number | .W348 2000 |
| 082 00 - DEWEY DECIMAL CLASSIFICATION NUMBER | |
| Classification number | 226.6 |
| Edition number | 21 |
| Item number | P478A |
| 092 0# - LOCALLY ASSIGNED DEWEY CALL NUMBER (OCLC) | |
| Classification number | 226.6077 |
| Item number | W1323a |
| 100 1# - MAIN ENTRY--PERSONAL NAME | |
| Personal name | Wagner, C. Peter. |
| 245 10 - TITLE STATEMENT | |
| Title | Acts of the Holy Spirit / |
| Statement of responsibility, etc. | C. Peter Wagner. |
| 260 ## - PUBLICATION, DISTRIBUTION, ETC. | |
| Place of publication, distribution, etc. | Ventura, Calif. : |
| Name of publisher, distributor, etc. | Regal Books, |
| Date of publication, distribution, etc. | ©2000. |
| 300 ## - PHYSICAL DESCRIPTION | |
| Extent | 556 pages : |
| Other physical details | 1 map ; |
| Dimensions | 22 cm |
| 336 ## - CONTENT TYPE | |
| Content type term | text |
| Content type code | txt |
| Source | rdacontent |
| 337 ## - MEDIA TYPE | |
| Media type term | unmediated |
| Media type code | n |
| Source | rdamedia |
| 338 ## - CARRIER TYPE | |
| Carrier type term | volume |
| Carrier type code | nc |
| Source | rdacarrier |
| 504 ## - BIBLIOGRAPHY, ETC. NOTE | |
| Bibliography, etc. note | Includes bibliographical references and index. |
| 505 0# - FORMATTED CONTENTS NOTE | |
| Formatted contents note | God's training manual for modern Christians -- How Jesus attracted one hundred and twenty followers -- History's most powerful prayer meeting -- Acts 1 -- The spiritual explosion at Pentecost -- Acts 2 -- One hundred and thirty converts a day can shake a city -- Acts 3 and 4 -- Follow these signs to salvation -- Acts 4 and 5 -- Should foreigners run the church? -- Acts 6 -- Samaria: Preaching on the other side of the tracts -- Acts 6, 7 and 8 -- Meet Paul -- the greatest missionary of all time -- Acts 9 -- Peter blazes the trail to the Gentiles -- Acts 9, 10 and 11 -- Planting the first Gentile church -- Acts 11 -- The power of Herod versus the power of prayer -- Acts 12 -- Onward to the nations -- Acts 13 -- Extending God's kingdom upsets the enemy -- Acts 14 -- Solving conflicts in a multicultural church -- Galatians -- The famous Jerusalem Council -- Acts 15 -- Good-bye, Barnabas; hello Silas -- Acts 15:36-41 -- To Europe with power -- Acts 16 -- You win some and you lose some -- Acts 17 -- Corinth to Antioch to Ephesus -- Acts 18 and 19 -- Invading Diana's territory -- Acts 19 -- A long trip toward the Jerusalem jail -- Acts 20 and 21 -- What to do with this troublemaker? -- Acts 21 to 26 -- Destination: Rome -- Acts 27 and 28. |
| 630 00 - SUBJECT ADDED ENTRY--UNIFORM TITLE | |
| Uniform title | Bible. |
| Name of part/section of a work | Acts |
| Form subdivision | Commentaries. |
| 655 #7 - INDEX TERM--GENRE/FORM | |
| Genre/form data or focus term | Commentaries. |
| Source of term | fast |
| Authority record control number or standard number | (OCoLC)fst01423723 |
| 942 ## - ADDED ENTRY ELEMENTS (KOHA) | |
| Source of classification or shelving scheme | Dewey Decimal Classification |
| Koha item type | Books |
| Withdrawn status | Lost status | Source of classification or shelving scheme | Damaged status | Not for loan | Collection code | Home library | Current library | Shelving location | Date acquired | Cost, normal purchase price | Total Checkouts | Full call number | Barcode | Date last seen | Price effective from | Koha item type |
|---|---|---|---|---|---|---|---|---|---|---|---|---|---|---|---|---|
| Dewey Decimal Classification | Non-fiction | Harvest Mission College | Harvest Mission College | General Stacks | 16.01.2019 | 3650.00 | 226.6 P478A | 006891 | 16.01.2019 | 16.01.2019 | Books |
